[Event "25. Alpenpokal 1999"]
[Site "Oberstdorf-Tiefenbach"]
[Date "1999.01.22"]
[Round "8"]
[White "Kleifges, Matthias"]
[Black "Feller, Josef"]
[Result "1/2-1/2"]
[WhiteElo "2010"]
[BlackElo "2185"]
[PlyCount "120"]

1. e4 c5 2. c3 Nf6 3. e5 Nd5 4. d4 cxd4 5. Nf3 e6 6. cxd4 b6 7. a3 Bb7 8. Bd3
Be7 9. O-O O-O 10. Nc3 Nxc3 11. bxc3 d6 12. Qe2 Nd7 13. Bf4 dxe5 14. Nxe5 Nxe5
15. Bxe5 Bf6 16. f4 Rc8 17. Rac1 g6 18. Be4 Bxe4 19. Bxf6 Qxf6 20. Qxe4 Rfd8
21. Rfd1 Rd7 22. c4 Rcd8 23. d5 exd5 24. cxd5 Qf5 25. Qxf5 gxf5 26. Kf2 Rxd5
27. Rxd5 Rxd5 28. Ke3 Ra5 29. Rc3 Ra4 30. Kf3 Kg7 31. g4 fxg4+ 32. Kxg4 Kg6 33.
Rb3 h5+ 34. Kf3 Kf6 35. h3 Ra5 36. Ke4 b5 37. Rc3 Ra4+ 38. Kf3 a6 39. Rc6+ Kf5
40. Rc5+ Ke6 41. Re5+ Kf6 42. Re3 Kf5 43. Re5+ Kg6 44. Re3 f6 45. Rc3 a5 46.
Rb3 b4 47. axb4 Rxb4 48. Rd3 a4 49. Rd5 Rb3+ 50. Kg2 h4 51. Ra5 a3 52. Rc5 Kf7
53. f5 Kg7 54. Rc6 Kh6 55. Rxf6+ Kg5 56. Ra6 Kxf5 57. Ra4 Rb2+ 58. Kf3 a2 59.
Ra5+ Ke6 60. Kg4 Kd6 1/2-1/2

[Event "25. Alpenpokal 1999"]
[Site "Oberstdorf-Tiefenbach"]
[Date "1999.01.22"]
[Round "8"]
[White "Klempt, Guenter"]
[Black "Graf, Joachim"]
[Result "1-0"]
[WhiteElo "2050"]
[BlackElo "2025"]
[PlyCount "75"]

1. d4 d5 2. c4 e6 3. Nc3 Nf6 4. Bg5 Be7 5. e3 O-O 6. Nf3 b6 7. cxd5 exd5 8. Rc1
Bb7 9. Bd3 Ne4 10. Bxe7 Qxe7 11. O-O Nd7 12. Qc2 Rfc8 13. Qb3 Ndf6 14. h3 c5
15. dxc5 Rxc5 16. Bxe4 dxe4 17. Nd4 Ba6 18. Nce2 Rac8 19. Qa3 Qb7 20. b3 Bxe2
21. Nxe2 Rxc1 22. Rxc1 Rxc1+ 23. Qxc1 h6 24. Nd4 Qd7 25. Kf1 g6 26. Ke2 Qb7 27.
Qc4 Nd5 28. Nc6 Qd7 29. Qxd5 Qb7 30. Qxe4 Qa6+ 31. Kf3 Qxa2 32. Qe8+ Kg7 33.
Qe5+ Kg8 34. Qd5 Qa3 35. Ne5 Qe7 36. Nxg6 Qf6+ 37. Nf4 a5 38. Kg3 1-0

[Event "25. Alpenpokal 1999"]
[Site "Oberstdorf-Tiefenbach"]
[Date "1999.01.22"]
[Round "8"]
[White "Moser, Wolfgang"]
[Black "Wicklund-Hansen, Richard"]
[Result "1-0"]
[WhiteElo "2078"]
[BlackElo "2025"]
[PlyCount "36"]

1. d4 d6 2. e4 Nf6 3. Nc3 c6 4. Nf3 Bg4 5. Be2 Nbd7 6. O-O e5 7. Be3 Qc7 8. Nd2
Bxe2 9. Qxe2 Be7 10. f4 O-O-O 11. a4 Rhe8 12. a5 a6 13. dxe5 dxe5 14. Nc4 Bc5
15. Bxc5 Nxc5 16. fxe5 Ng8 17. Nd6+ Rxd6 18. exd6 Qxd6 1-0

[Event "25. Alpenpokal 1999"]
[Site "Oberstdorf-Tiefenbach"]
[Date "1999.01.22"]
[Round "8"]
[White "Pehlgrim, Andreas"]
[Black "Spitaler, Juergen"]
[Result "0-1"]
[WhiteElo "2180"]
[BlackElo "1965"]
[PlyCount "79"]

1. d4 d5 2. c4 e6 3. Nc3 f5 4. g3 c6 5. Nf3 Nf6 6. Bg5 Nbd7 7. e3 Be7 8. Bxf6
Nxf6 9. Ne5 O-O 10. Bd3 Bd6 11. cxd5 cxd5 12. O-O Bxe5 13. dxe5 Ng4 14. Qb3
Nxe5 15. Rfd1 Qe7 16. Rac1 Kh8 17. Nb5 Nc6 18. Nd4 Nxd4 19. exd4 b6 20. Qc3 Rf7
21. Re1 Bb7 22. Bb5 f4 23. Re5 Raf8 24. Rce1 fxg3 25. fxg3 Rf6 26. a3 Qf7 27.
Qe3 Bc8 28. Be2 Rf5 29. Rxf5 exf5 30. Bd3 g6 31. Qe5+ Kg8 32. Qd6 Qd7 33. Qf4
Re8 34. Rc1 Qe6 35. Bb5 Bd7 36. Bxd7 Qxd7 37. Rc7 Qa4 38. Kg2 a5 39. Qd6 Qxd4
40. Re7 0-1

[Event "25. Alpenpokal 1999"]
[Site "Oberstdorf-Tiefenbach"]
[Date "1999.01.22"]
[Round "8"]
[White "Wiesbeck, Florian"]
[Black "Hoffmann, Reinhold"]
[Result "0-1"]
[WhiteElo "1810"]
[BlackElo "1871"]
[PlyCount "36"]

1. d4 d5 2. Nf3 Nf6 3. c4 c6 4. Nc3 e6 5. e3 Bd6 6. Bd3 Nbd7 7. Qc2 h6 8. O-O
dxc4 9. Bxc4 e5 10. e4 exd4 11. Nxd4 Nb6 12. Nce2 Nxc4 13. Qxc4 Nxe4 14. Nxc6
Bxh2+ 15. Kh1 Qh4 16. g4 Bf4+ 17. Kg2 Qh2+ 18. Kf3 Ng5# 0-1

[Event "25. Alpenpokal 1999"]
[Site "Oberstdorf-Tiefenbach"]
[Date "1999.01.22"]
[Round "8"]
[White "Zunker, Reinhard"]
[Black "Maugg, Ludwig"]
[Result "1/2-1/2"]
[WhiteElo "2205"]
[BlackElo "2160"]
[PlyCount "35"]

1. e4 c5 2. Nf3 Nc6 3. Nc3 e5 4. Bc4 Be7 5. Nd5 Nf6 6. d3 d6 7. h3 O-O 8. O-O
Nxd5 9. Bxd5 Be6 10. Bb3 Bxb3 11. axb3 d5 12. exd5 Qxd5 13. Bg5 f6 14. Bd2 Rad8
15. Re1 f5 16. Bg5 Bxg5 17. Nxg5 h6 18. Nf3 1/2-1/2